Trade in the pre-modern era, 1400-1700 (Record no. 299106)

MARC details
000 -LEADER
fixed length control field 00816nam a2200253Ia 4500
008 - FIXED-LENGTH DATA ELEMENTS--GENERAL INFORMATION
fixed length control field 191130s1996##################000#0#eng##
020 ## - INTERNATIONAL STANDARD BOOK NUMBER
ISBN 9781852789893
082 ## - DEWEY DECIMAL CLASSIFICATION NUMBER
Classification number 382.09 IRW
245 ## - TITLE STATEMENT
Title Trade in the pre-modern era, 1400-1700
Statement of responsibility, etc edited by Douglas A. Irwin
250 ## - EDITION STATEMENT
Edition statement 1st ed
260 ## - PUBLICATION, DISTRIBUTION, ETC. (IMPRINT)
Place of publication Aldershot, Hants, England ; Brookfield, Vt., USA
Name of publisher E. Elgar
Year of publication 1996
300 ## - PHYSICAL DESCRIPTION
Number of Pages xv, 505 p. : ill. ; 25 cm.
500 ## - GENERAL NOTE
General note Includes bibliographical references and indexes
650 ## - SUBJECT ADDED ENTRY--TOPICAL TERM
Topical Term Commerce - History
Topical Term Economic history
Topical Term International trade - History
Topical Term Mercantile system - History
Topical Term Trading companies - History
700 ## - ADDED ENTRY--PERSONAL NAME
Personal name Irwin, Douglas A
991 ## -
-- 299533
Holdings
Withdrawn status Lost status Damaged status Not for loan Home library Current library Shelving location Date acquired Full call number Accession Number Price effective from Koha item type
        Anna Centenary Library Anna Centenary Library 4TH FLOOR, B WING 15.10.2020 382.09 IRW 358429 15.10.2020 English Books

Find us on the map